Slovenské rozprávky od Pavla Dobšinského

Podrobná bibliografia
Hlavní autori: Dénesová, Monikaa (Autor), Dobšinský, Pavol, 1828-1885 (Autor)
Korporatívny autor: Brijbasi Art Press (Ilustrátor)
Médium: Kniha
Jazyk:slovenčina
Fyzický popis:64 s. fareb. ilustr. 25 cm
Vydavateľské údaje: Nesvady FONI book 2016
ISBN:9788089637607
Vydanie:1. vyd.
Predmet:

MARC

LEADER 00000nam a2200000 a 4500
001 vtls011590421
003 SK-MaSNL
005 20260301181956.0
008 240318s2016 xo a b 000 j slo
015 |a SNBA2016/11 
020 |a 9788089637607  |q (viaz.) 
035 |a ACA5F4D3-8431-4776-9B6E-829E3A9CF0D2 
035 |a urn:nbn:sk:snk-amthbw 
035 |a urn:nbn:sk:snk-am00c2by 
040 |a SNK  |b slo  |c SNK  |e AACR2 
041 0 |a slo 
044 |a xo  |c SK 
072 7 |a 821.162.4-3  |x Slovenská próza  |2 konspekt 
072 7 |a 821-93  |x Literatúra pre deti a mládež (beletria)  |2 konspekt 
080 |a 821.162.4-34  |2 2011 
080 |a 82-93-053.2  |2 2011 
100 1 |a Dénesová, Monikaa  |4 aut  |9 348179 
245 1 0 |a Slovenské rozprávky od Pavla Dobšinského  |c [prerozprávala: Monika Dénesová ; ilustrácia: Brijbasi Art Press] 
250 |a 1. vyd. 
260 |a Nesvady  |b FONI book  |c 2016 
300 |a 64 s.  |b fareb. ilustr.  |c 25 cm 
655 7 |a slovenské rozprávky  |2 SNKPH  |9 70528 
655 7 |a Slovak fairy tales  |2 SNKPHeng  |9 292250 
655 7 |a publikácie pre deti  |2 SNKPH  |9 70148 
655 7 |a Children's literature  |2 SNKPHeng  |9 276039 
700 1 |a Dobšinský, Pavol,  |d 1828-1885  |4 aut  |9 242422 
710 2 |a Brijbasi Art Press  |4 ill  |9 348180 
919 |a 978-80-89637-60-7 
958 |a LX 
958 |a DB 
999 |c 852005  |d 853935 
952 |a SNK  |b SNK  |y PREZ  |7 0  |p 17A1217866  |o snkSC 171879  |i snk2016/25775  |8 0  |0 0  |1 0  |4 0  |d 2016-11-03  |f 1  |l 0  |r 2025-09-10 00:00:00  |w 2026-02-24 
952 |a SNK  |b SNK  |y VYP  |7 0  |p 17A1217867  |o snkSC 171879 D1  |i snk2016/25776  |8 0  |0 0  |1 0  |4 0  |d 2016-11-03  |l 0  |r 2026-02-24 04:45:02  |w 2026-02-24